[Event "Ufa Kopylov Memorial op"]
[Site "Ufa"]
[Date "2008.12.16"]
[Round "1"]
[White "Bragin, Pavel Nikolaevich"]
[Black "Zatokovenko, Igor"]
[Result "0-1"]
[WhiteElo "2250"]
[BlackElo "2250"]
[PlyCount "86"]
[EventDate "2008.12.16"]
[EventType "swiss"]
[EventRounds "9"]
[EventCountry "RUS"]
[SourceTitle "EXT 2010"]
[Source "ChessBase"]
[SourceDate "2010.11.25"]
[SourceVersion "1"]
[SourceVersionDate "2010.11.25"]
[SourceQuality "1"]

1. e4 c6 2. d3 d5 3. Nf3 Bg4 4. Be2 Nf6 5. Nbd2 e6 6. h3 Bh5 7. g4 Bg6 8. Nh4 Bc5 9. Nxg6 hxg6 10. e5 Nfd7 11. Nb3 Be7 12. d4 c5 13. c3 Nc6 14. Bf4 Qb6 15. Rb1 a5 16. a4 Qd8 17. Kf1 cxd4 18. cxd4 Nb6 19. Bb5 0-0 20. Kg2 Na7 21. Qe2 Nxb5 22. Qxb5 g5 23. Bd2 Nc4 24. Be1 Ra6 25. Nc5 Bxc5 26. dxc5 Qc7 27. Bc3 Rc6 28. Bd4 Nxe5 29. Bxe5 Qxe5 30. Rhe1 Qc7 31. b4 Ra8 32. bxa5 Rxa5 33. Qxb7 Qxb7 34. Rxb7 Rcxc5 35. Rb4 Rc3 36. Re3 Rc2 37. Re5 Ra2 38. Rxg5 R5xa4 39. Rb8+ Kh7 40. Rb7 Rf4 41. Rh5+ Kg6 42. Kg3 Raxf2 43. h4 R4f3# 0-1